Samarcande - Choix Multiples - Statistiques

Statistiques générales
  • Ce quiz a été pris 32 fois
  • Le résultat moyen est 7 sur 10
Statistiques - réponses
Question Réponse % Correct
Quel réseau commercial célèbre traversait la ville? La Route de la Soie
97%
Quelle photo illustre le Registan?
79%
Quel grand dirigeant conquiert la ville en 329 av. J-C? Alexandre le Grand
79%
Dans quelle œuvre littéraire majeure le cruel Shah Zaman est sultan de Samarcande? Les Mille et Une Nuits
79%
Dans quel pays se situe Samarcande? Ouzbékistan
79%
Qu'achetez-vous si vous demandez un "non" dans un commerce de Samarcande? Du pain
72%
Quelle périphrase est associée à Samarcande selon le descriptif officiel de l'UNESCO? Carrefour des cultures
66%
Quel dirigeant fit de Samarcande la capitale de son Empire au XIVè siècle? Tamerlan
55%
Quelle religion ne fut pas dominante à Samarcande? Le Taoïsme
52%
Quel personnage biblique reposerait dans un mausolée situé à Samarcande? Daniel
48%
Aucun quiz correspondant
Distribution des résultats
% des personnes avec chaque résultat
Percentile par nombre de réponses
Votre historique - résultats
Vous n’avez pas pris ce quiz